00502nmm a2200169Ia 4500008004100000020001800041041000800059100004600067245004900113264005100162300001800213490001200231650001400243856005100257942000700308999001700315251105s9999||||xx |||||||||||||||||und|| a9788427726116 aspa aGonzález Rodríguez, Mª Encarnación 0aElisa Giambelluca: Como si fuera tan fácil a[Madrid, España] :bNarcea Ediciones, c2019 a272 páginas aMujeres aBiography uhttps://public.digitaliapublishing.com/a/62907 cCF c80876d80876